000 00322nam a22001457a 4500
008 221107b ||||| |||| 00| 0 eng d
020 _a9781133600497
041 _aeng
080 _2FIFTH EDITION
_a612.39
082 _a612.39BRO
100 _a16.2
101 _aNUT
245 _aNUTRITION
_cBROWN J
942 _2udc
_cBK
999 _c58760
_d58760